01570nam a2200421 i 450000100060000000300080000600500170001400600190003100700150005000800410006502000180010602000280012403500220015204000310017405000220020508000060022708200150023310000310024824501700027926400590044930000410050833600290054933700330057833800430061150400290065458800830068361000530076665000210081965000280084065000290086865000210089765000320091865000290095065500270097970000420100670000370104885600630108589828FINmELB20241217171906.0m o u cr cn|||||||||220726s2019 cl ob 000 0 spa d z9789566048091 a9789566048107q(e-book) a(OCoLC)1342050405 aFINmELBbspaerdacFINmELB14aN72.S6bC675 2019 a704a701.032231 aCofré Cubillos, Claudia.10aMário Pedrosa y el CISAC :bconfiguraciones afectivas, artística y políticas /cClaudia Cofré Cubillos, Francisco González Castro y Lucy Quezada Yáñez. 1aSantiago de Chile :bEdiciones Metales Pesados,c2019. a1 recurso en línea (160 páginas) atextobtxt2rdamedia/spa acomputadorabc2rdamedia/spa arecurso en líneabcr2rdacarrier/spa aContiene bibliografía. aDescripción basada en metadatos suministrados por el editor y otras fuentes.20aMuseo de la Solidaridad Salvador Allende (Chile) 0aArt and society. 0aArtxPolitical aspects. 0aMuseumszChilexHistory. 4aArte y sociedad. 4aArtexAspectos políticos. 4aMuseoszChilexHistoria. 4aLibros electrónicos.1 aGonzález Castro, Francisco,eautor.1 aQuezada Yáñez, Lucy,eautor.40uhttps://elibro.net/ereader/politecnicointernacional/208952